Encyclopédie des religions [1. Histoire 2. Themes]
| Main Authors: | , |
|---|---|
| Other Authors: | , |
| Format: | Book |
| Language: | French |
| PhysicalDescription: | 2 zv. (2468 s.) 25 cm |
| Published: |
[Paris]
Bayard
c1997
|
| ISBN: | 2227310944 2227310936 222731091X |
| Edition: | 2. éd. |
| Subjects: |
MARC
| LEADER | 00000nam a2200000 a 4500 | ||
|---|---|---|---|
| 001 | vtls001373699 | ||
| 003 | SK-MaSNL | ||
| 005 | 20260301115405.0 | ||
| 008 | 251124s1997 FR af r y 0 fre | ||
| 020 | |a 2227310944 |c [3500,00] | ||
| 020 | |a 2227310936 |c [3500,00] | ||
| 020 | |a 222731091X | ||
| 035 | |a SNK000327571 | ||
| 040 | |a SNK |b slo |c SNK |e AACR2 | ||
| 044 | |a FR | ||
| 080 | |a 26/29(100)(03)=40 |2 1981 | ||
| 100 | 1 | |a Lenoir, Frédéric, |d 1962- |4 aut |9 420939 | |
| 245 | 1 | 0 | |a Encyclopédie des religions |n [1. |p Histoire |n 2. |p Themes] |c sous la direction Frédéric Lenoir et Ysé Tardan-Maquelier ; conseiller scientifique Michel Meslin ; éditeur Jean-Pierre Rosa |
| 250 | |a 2. éd. | ||
| 260 | |a [Paris] |b Bayard |c c1997 | ||
| 300 | |a 2 zv. (2468 s.) |c 25 cm | ||
| 650 | 0 | 7 | |a náboženstvá svetové |x encyklopédie |2 SNK |9 392010 |
| 650 | 0 | 7 | |a encyklopédie |x náboženstvá |2 SNK |9 460306 |
| 700 | 1 | |a Tardan-Mawuelier, Ysé |4 aut |9 460307 | |
| 700 | 1 | |a Meslin, Michel |4 upr |9 460308 | |
| 700 | 1 | |a Rosa, Jean-Pirre |4 upr |9 460309 | |
| 919 | |a 2-227-310-94-4 | ||
| 919 | |a 2-227-310-93-6 | ||
| 919 | |a 2-227-310-91-X | ||
| 999 | |c 722039 |d 723969 | ||
| 952 | |t snkENC/1 23/29(031) |a SNKUST |b SNKUST |y PREZ |7 0 |p 17A0208412 |o snkIC 128091/1 |i snkV 1352/99 |0 0 |1 0 |4 0 |d 1999-10-08 |l 0 |r 2025-03-20 00:00:00 |w 2026-02-23 | ||
| 952 | |t snkENC/2 23/29(031) |a SNKUST |b SNKUST |y PREZ |7 0 |p 17A0208413 |o snkIC 128091/2 |i snkV 1353/99 |0 0 |1 0 |4 0 |d 1999-10-08 |l 0 |r 2025-03-20 00:00:00 |w 2026-02-23 | ||


